000 00223nam a2200109Ia 4500
100 _aMicrosoft Cobol
942 _cBK
654 _aLanguage Reference
245 _aM.S Cobol 4.5
260 _bMicrosoft
546 _aENGLISH
999 _c30167
_d30167